000 00673nam a2200181Ia 4500
008 100920s9999 xx 000 0 und d
082 _b64257
_a891.461 थ 93
100 _a---
245 _aगाणी ! मनातली;गळ्यातली !! भाग 11.
260 _bसाहित्य प्रसार केंद्र, मुंबई.
_c1993
300 _a220
_bसाधी
365 _b100
520 _aपदय.
630 _aगाणी ! मनातली;गळ्यातली !! भाग 11.
650 _aपदय.
730 _aगाणी ! मनातली;गळ्यातली !! भाग 11.
942 _cBOOK
999 _c707307
_d707304